[Event "San Rafael Cup Blind"]
[Site "San Rafael"]
[Date "2019.09.22"]
[Round "5.3"]
[White "Saponara Caizzi, Jose Maria"]
[Black "Cayo, Ana Carolina"]
[Result "1-0"]
[WhiteElo "2044"]
[BlackElo "1627"]
[PlyCount "53"]
[EventDate "2019.09.20"]
[EventType "swiss"]
[EventRounds "5"]
[EventCountry "ARG"]
[SourceTitle "EXT 2024"]
[Source "ChessBase"]
[SourceDate "2023.10.10"]
[SourceVersion "1"]
[SourceVersionDate "2023.10.10"]
[SourceQuality "1"]

1. Nf3 d5 2. d4 Nf6 3. Bf4 Bf5 4. e3 e6 5. Bd3 Bxd3 6. Qxd3 c6 7. Nbd2 Bd6 8. Ne5 0-0 9. h3 c5 10. c3 c4 11. Qc2 Nc6 12. Ndf3 Qc7 13. g4 Ne4 14. g5 g6 15. h4 f6 16. gxf6 Rxf6 17. 0-0-0 a5 18. Rdg1 Ne7 19. Ng5 Nc6 20. Nxe4 dxe4 21. Qxe4 Rf5 22. Nxg6 Rf7 23. Ne5+ Rg7 24. Bh6 Rxg1+ 25. Rxg1+ Kh8 26. Rg7 Qc8 27. Qxh7# 1-0

[Event "San Rafael Cup Blind"]
[Site "San Rafael"]
[Date "2019.09.21"]
[Round "4.2"]
[White "Frances, Carlos"]
[Black "Saponara Caizzi, Jose Maria"]
[Result "1/2-1/2"]
[WhiteElo "1718"]
[BlackElo "2044"]
[PlyCount "63"]
[EventDate "2019.09.20"]
[EventType "swiss"]
[EventRounds "5"]
[EventCountry "ARG"]
[SourceTitle "EXT 2024"]
[Source "ChessBase"]
[SourceDate "2023.10.10"]
[SourceVersion "1"]
[SourceVersionDate "2023.10.10"]
[SourceQuality "1"]

1. e4 e6 2. d4 d5 3. exd5 exd5 4. Nf3 Nf6 5. c4 Bb4+ 6. Bd2 Bxd2+ 7. Qxd2 0-0 8. Be2 dxc4 9. Bxc4 Re8+ 10. Be2 Bg4 11. 0-0 Nc6 12. Nc3 Nd5 13. Rad1 Ncb4 14. h3 Bh5 15. Qg5 Qxg5 16. Nxg5 Nxc3 17. bxc3 Rxe2 18. cxb4 Rxa2 19. Rb1 h6 20. Nf3 Bxf3 21. gxf3 c6 22. Rfd1 Re8 23. Re1 Ree2 24. Rxe2 Rxe2 25. b5 Rd2 26. bxc6 bxc6 27. Rb4 a5 28. Ra4 Rd1+ 29. Kg2 Kf8 30. Rxa5 Rxd4 31. Rc5 Rd5 32. Rxc6 1/2-1/2

[Event "Cordoba Acua final"]
[Site "Cordoba"]
[Date "2018.12.??"]
[Round "7.2"]
[White "Saponara Caizzi, Jose Maria"]
[Black "Carballo, Jorge"]
[Result "1/2-1/2"]
[WhiteElo "1538"]
[BlackElo "1399"]
[PlyCount "120"]
[EventDate "2018.12.06"]
[EventType "swiss"]
[EventRounds "7"]
[EventCountry "ARG"]
[SourceTitle "EXT 2024"]
[Source "ChessBase"]
[SourceDate "2023.10.10"]
[SourceVersion "1"]
[SourceVersionDate "2023.10.10"]
[SourceQuality "1"]

1. e4 e5 2. Nf3 Nc6 3. d4 exd4 4. Bc4 d6 5. c3 Ne5 6. Bb3 Bg4 7. cxd4 Nxf3+ 8. gxf3 Be6 9. d5 Bd7 10. Nc3 Nf6 11. Be3 Be7 12. Qd2 Bh3 13. Rg1 g6 14. Rg3 Bd7 15. Bh6 Bf8 16. Bxf8 Rxf8 17. 0-0-0 Nh5 18. Rgg1 Qf6 19. Qe3 Qf4 20. Rh1 0-0-0 21. Kb1 Qxe3 22. fxe3 a6 23. Ne2 f5 24. Bc2 fxe4 25. Bxe4 Bf5 26. Bxf5+ Rxf5 27. f4 Nf6 28. Nc3 Re8 29. Rd3 Ne4 30. Nxe4 Rxe4 31. h4 Rh5 32. Kc2 h6 33. Kd2 g5 34. fxg5 hxg5 35. Rd4 Rxd4+ 36. exd4 gxh4 37. Kd3 h3 38. Rh2 Rh4 39. Ke3 c6 40. dxc6 bxc6 41. a3 Kb7 42. Kd3 Kb6 43. Kc3 Kb5 44. b3 a5 45. a4+ Kb6 46. Kd3 c5 47. dxc5+ Kxc5 48. Kc3 d5 49. Kd3 Kb4 50. Kc2 d4 51. Kb2 d3 52. Kc1 Kxb3 53. Kd2 Kc4 54. Kd1 Kd4 55. Kd2 Rh8 56. Kd1 Kc3 57. Kc1 d2+ 58. Kd1 Rh7 59. Rf2 h2 60. Rxh2 Rxh2 1/2-1/2

[Event "Mem Jorge Wilson 5th"]
[Site "La Falda"]
[Date "2018.04.30"]
[Round "3.8"]
[White "Saponara Caizzi, Jose Maria"]
[Black "San Sebastian Sosa, Fernando"]
[Result "1-0"]
[WhiteElo "1543"]
[BlackElo "1527"]
[PlyCount "53"]
[EventDate "2018.04.29"]
[EventType "swiss"]
[EventRounds "6"]
[EventCountry "ARG"]
[SourceTitle "EXT 2024"]
[Source "ChessBase"]
[SourceDate "2023.10.10"]
[SourceVersion "1"]
[SourceVersionDate "2023.10.10"]
[SourceQuality "1"]

1. e4 c5 2. Nc3 Nc6 3. f4 d6 4. Nf3 e6 5. Bb5 Nge7 6. 0-0 a6 7. Bxc6+ Nxc6 8. d4 cxd4 9. Nxd4 Qb6 10. Be3 Qxb2 11. Qd2 Be7 12. Nb3 0-0 13. a3 Bf6 14. e5 dxe5 15. Ra2 Qxc3 16. Qxc3 exf4 17. Qe1 fxe3 18. Qxe3 Rd8 19. c3 Ne5 20. Rd2 Bd7 21. Qg3 Ng6 22. Rfd1 Be5 23. Qf3 Nf8 24. Qe3 Bb8 25. Kh1 Ba7 26. Qe5 f6 27. Qc7 1-0

[Event "Concordia Gral Jose de San Martin"]
[Site "Concordia"]
[Date "2017.08.19"]
[Round "2"]
[White "Saponara Caizzi, Jose Maria"]
[Black "Abdenur, Luciano"]
[Result "0-1"]
[WhiteElo "1522"]
[BlackElo "1921"]
[PlyCount "44"]
[EventDate "2017.08.19"]
[EventType "swiss"]
[EventRounds "6"]
[EventCountry "ARG"]
[SourceTitle "EXT 2024"]
[Source "ChessBase"]
[SourceDate "2023.10.10"]
[SourceVersion "1"]
[SourceVersionDate "2023.10.10"]
[SourceQuality "1"]

1. e4 e5 2. Nf3 Nc6 3. d4 exd4 4. Nxd4 Bc5 5. Nb3 Bb6 6. Qe2 d6 7. Be3 Nf6 8. Bxb6 axb6 9. Nc3 0-0 10. Qd2 Re8 11. Bd3 d5 12. f3 dxe4 13. fxe4 Be6 14. 0-0 Bxb3 15. axb3 Rxa1 16. Rxa1 Ng4 17. Qf4 Qd4+ 18. Kf1 Nce5 19. Ra4 Nxd3 20. cxd3 Qxd3+ 21. Ke1 Ne3 22. e5 Nxg2+ 0-1